000 00300 a2200121 4500
000 nam a22 7a 4500
005 20260306124309.0
020 _a9781032583990
100 _aPaolo Provero
_91123658
245 _aPrinciples of Computational Genomics
260 _bCRC Press
_c2025
942 _cTEXL
999 _c1688492
_d1688492